000 00786nam a2200229Ia 4500
003 OSt
005 20220923220524.0
006 a|||||r|||| 00| 0
007 ta
008 220922b |||||||| |||| 00| 0 hin d
024 _a187,360
037 _cTextual
040 _aARTS
_cARTS
_bhin
041 _2hin
_ahin
082 _aWv5:N, 152J1
100 _aगुप्ता, श्यामसुन्दर
245 0 _aआधुनिक यूरोप का राजनीतिक दर्शन
246 _aĀdhunik yūrop kā rājanītik darshana
260 _aदिल्ली
_b राजकमल प्रकाशन
_c1952
942 _hWv5:N, 152J1
_cTEXL
_2CC
999 _c340437
_d340437